A text book on C : (Record no. 14229)

MARC details
000 -LEADER
fixed length control field 00901nam a22002537a 4500
001 - CONTROL NUMBER
control field ENG-90277
003 - CONTROL NUMBER IDENTIFIER
control field dpl
005 - DATE AND TIME OF LATEST TRANSACTION
control field 20080603103024.0
008 - FIXED-LENGTH DATA ELEMENTS--GENERAL INFORMATION
fixed length control field 080603t xxu||||| |||| 00| 0 eng d
010 ## - LIBRARY OF CONGRESS CONTROL NUMBER
LC control number ENG-90459
020 ## - INTERNATIONAL STANDARD BOOK NUMBER
International Standard Book Number 8120334243
Terms of availability 195.00
035 ## - SYSTEM CONTROL NUMBER
System control number EN-73992
037 ## - SOURCE OF ACQUISITION
Source of stock number/acquisition DBAD / PUB
040 ## - CATALOGING SOURCE
Original cataloging agency DPL
Language of cataloging EN
082 ## - DEWEY DECIMAL CLASSIFICATION NUMBER
Classification number 005.133 / KAR
100 ## - MAIN ENTRY--PERSONAL NAME
Personal name Karthikeyan, E.
245 ## - TITLE STATEMENT
Title A text book on C :
Statement of responsibility, etc by E. karthikeyan
Remainder of title fundamentals, data structures and problem solving /
260 ## - PUBLICATION, DISTRIBUTION, ETC. (IMPRINT)
Place of publication, distribution, etc New Delhi
Name of publisher, distributor, etc Prentice- Hall of India
Date of publication, distribution, etc 2008
270 ## - ADDRESS
Address M-97, Cannought Circus
City New Delhi
Postal code 110 001
300 ## - PHYSICAL DESCRIPTION
Extent ix, 294p.
Dimensions 24 cm. (Pbk)
500 ## - GENERAL NOTE
General note Includes Index
942 ## - ADDED ENTRY ELEMENTS (KOHA)
Source of classification or shelving scheme Dewey Decimal Classification
Koha item type English Books
Classification part 005.133
Call number suffix KAR
Holdings
Withdrawn status Lost status Damaged status Not for loan Collection code Home library Current library Date acquired Source of acquisition Cost, normal purchase price Total Checkouts Full call number Barcode Date last seen Copy number Cost, replacement price Price effective from Koha item type
      Not For Loan Non-fiction D.B.Act.Division D.B.Act.Division 07/07/2008 DBAD / PUB 195.00   005.133 KAR EN-73992 15/09/2008 1 195.00 15/09/2008 English Books

© Delhi Public Library
Hit Counter
free hit counter